[Event "Laval XVII"]
[Site "Laval CAN"]
[Date "2000.04.15"]
[Round "3"]
[White "Auger, Bertrand"]
[Black "Laframboise, Marc-Andre"]
[Result "1-0"]
[WhiteElo "2000"]
[BlackElo "2018"]
[PlyCount "41"]
[GameId "2160767911724666"]
[EventDate "2000.04.14"]
[EventType "swiss"]
[EventRounds "5"]
[EventCountry "CAN"]
[SourceTitle "EXT 2022"]
[Source "ChessBase"]
[SourceDate "2021.10.06"]
[SourceVersion "1"]
[SourceVersionDate "2021.10.06"]
[SourceQuality "1"]

1. Nf3 Nf6 2. g3 g6 3. b4 Bg7 4. Bb2 d5 5. Bg2 O-O 6. O-O c6 7. d3 Nbd7 8. Nbd2 Re8 9. c4 e5 10. e4 b6 11. exd5 cxd5 12. Re1 e4 13. dxe4 Nxe4 14. Bxg7 Kxg7 15. cxd5 Nd6 16. Rxe8 Qxe8 17. Qc2 Qe7 18. Re1 Qf6 19. Ne4 Nxe4 20. Qxe4 Bb7 21. Nd4 1-0

[Event "Laval XVII"]
[Site "Laval CAN"]
[Date "2000.04.15"]
[Round "3"]
[White "Desmarais, Emmanuel"]
[Black "Pnevmonidis, Pantelis"]
[Result "1/2-1/2"]
[WhiteElo "1928"]
[BlackElo "2192"]
[PlyCount "53"]
[GameId "2160767911724667"]
[EventDate "2000.04.14"]
[EventType "swiss"]
[EventRounds "5"]
[EventCountry "CAN"]

1. e4 c6 2. d4 d5 3. exd5 cxd5 4. c4 Nf6 5. Nc3 e6 6. Nf3 Bb4 7. a3 Bxc3+ 8. bxc3 O-O 9. Qc2 b6 10. Bd3 dxc4 11. Bxc4 Qc7 12. Bd3 Nbd7 13. O-O Bb7 14. Re1 Rac8 15. Bb2 Bxf3 16. gxf3 Qf4 17. Qe2 Qh4 18. c4 Rfe8 19. Kh1 Nh5 20. Rg1 Nf4 21. Qe3 Nxd3 22. Qxd3 Red8 23. Qe2 Nf6 24. Rac1 Rc7 25. Qe5 Re7 26. d5 Kf8 27. Rce1 1/2-1/2

[Event "Laval XVII"]
[Site "Laval CAN"]
[Date "2000.04.16"]
[Round "4"]
[White "Auger, Bertrand"]
[Black "Chabot, Roland"]
[Result "0-1"]
[WhiteElo "2000"]
[BlackElo "2180"]
[PlyCount "44"]
[GameId "2160767911724669"]
[EventDate "2000.04.14"]
[EventType "swiss"]
[EventRounds "5"]
[EventCountry "CAN"]
[SourceTitle "EXT 2022"]
[Source "ChessBase"]
[SourceDate "2021.10.06"]
[SourceVersion "1"]
[SourceVersionDate "2021.10.06"]
[SourceQuality "1"]

1. Nf3 d6 2. d4 Nf6 3. g3 Nbd7 4. Bg2 e5 5. dxe5 dxe5 6. O-O Bc5 7. Nc3 h6 8. Na4 Bd6 9. c4 Qe7 10. h3 c5 11. Be3 Nf8 12. b4 cxb4 13. c5 Bc7 14. c6 b6 15. Nxe5 Qxe5 16. Bf4 Qe7 17. Bd6 Bxd6 18. c7 Bxc7 19. Bxa8 Bxh3 20. Re1 N8d7 21. Bc6 O-O 22. a3 Ne5 0-1

[Event "Laval XVII"]
[Site "Laval CAN"]
[Date "2000.04.16"]
[Round "4"]
[White "Metivier, Nicolas"]
[Black "Sauve, Richard"]
[Result "1-0"]
[WhiteElo "1865"]
[BlackElo "1910"]
[PlyCount "47"]
[GameId "2160767911724670"]
[EventDate "2000.04.14"]
[EventType "swiss"]
[EventRounds "5"]
[EventCountry "CAN"]

1. e4 e6 2. d4 d5 3. Nd2 Nf6 4. e5 Nfd7 5. Bd3 c5 6. c3 Nc6 7. Ne2 cxd4 8. cxd4 f6 9. exf6 Nxf6 10. Nf3 Bd6 11. O-O O-O 12. Bf4 Bxf4 13. Nxf4 Ne4 14. Ne2 Rxf3 15. gxf3 Ng5 16. Kh1 Nxf3 17. Bxh7+ Kh8 18. Ng1 Nxh2 19. Qh5 Nxf1 20. Nf3 Qf6 21. Ng5 g6 22. Qh6 Nd8 23. Bxg6+ Kg8 24. Bh7+ 1-0

[Event "Le Matou 2000"]
[Site "Gatineau CAN"]
[Date "2000.01.04"]
[Round "1"]
[White "Thomann, Olivier"]
[Black "Gaudet, Alain"]
[Result "0-1"]
[WhiteElo "1798"]
[BlackElo "1609"]
[PlyCount "72"]
[GameId "2160767911741574"]
[EventDate "2000.01.04"]
[EventType "swiss"]
[EventRounds "5"]
[EventCountry "CAN"]

1. e4 e6 2. d4 d5 3. Nd2 Nc6 4. c3 dxe4 5. Nxe4 Nf6 6. Bd3 Be7 7. Nf3 h6 8. Bf4 Bd7 9. Qe2 Nd5 10. Bd2 f5 11. Ng3 Kf7 12. O-O-O g5 13. Bc4 Nb6 14. Bb3 g4 15. Ne5+ Ke8 16. Nxc6 Bxc6 17. Qxe6 Bd5 18. Bxd5 Qxd5 19. Qxd5 Nxd5 20. Nxf5 Bg5 21. Rde1+ Kd7 22. Re5 Bxd2+ 23. Kxd2 c6 24. Rhe1 Kc7 25. Ne3 Raf8 26. Nxd5+ cxd5 27. Rxd5 Rxf2+ 28. Re2 Rf1 29. Rde5 Rb1 30. Ke3 Rf8 31. b3 Rh1 32. Rc5+ Kd6 33. Rh5 Rf6 34. Kd3 g3 35. Rh3 gxh2 36. g3 Rd1+ 0-1

[Event "Le Matou 2000"]
[Site "Gatineau CAN"]
[Date "2000.01.11"]
[Round "2"]
[White "Rose, Richard"]
[Black "Thomann, Olivier"]
[Result "1-0"]
[WhiteElo "1709"]
[BlackElo "1798"]
[PlyCount "89"]
[GameId "2160767911741575"]
[EventDate "2000.01.04"]
[EventType "swiss"]
[EventRounds "5"]
[EventCountry "CAN"]

1. e4 e5 2. Nf3 Nc6 3. Bc4 Bc5 4. Nc3 Nf6 5. d3 d6 6. Bg5 h6 7. Bxf6 Qxf6 8. Nd5 Qd8 9. c3 Bg4 10. h3 Bh5 11. b4 Bb6 12. Qb3 Qd7 13. Nh4 O-O-O 14. g4 g5 15. Nf5 Bg6 16. Nf6 Bxf5 17. Nxd7 Bxd7 18. a4 a5 19. Bb5 h5 20. Bxc6 Bxc6 21. bxa5 Bxa5 22. Ke2 d5 23. f3 f6 24. Rab1 h4 25. Rhd1 Rhe8 26. d4 b6 27. Ke3 exd4+ 28. Rxd4 dxe4 29. Rxd8+ Kxd8 30. Rd1+ Kc8 31. Re1 Kb7 32. Kf2 Re5 33. fxe4 Rxe4 34. Rxe4 Bxe4 35. Qe6 Bc6 36. Qxf6 Bxa4 37. Qxg5 Bxc3 38. Qe3 Bb2 39. Qd2 Ba3 40. g5 Bc6 41. g6 Bc5+ 42. Ke1 Bf8 43. Qd4 Bg2 44. Qf2 Bb4+ 45. Ke2 1-0

[Event "Le Matou 2000"]
[Site "Gatineau CAN"]
[Date "2000.01.18"]
[Round "3"]
[White "Maisonneuve, Paul"]
[Black "Thomann, Olivier"]
[Result "0-1"]
[WhiteElo "1640"]
[BlackElo "1798"]
[PlyCount "114"]
[GameId "2160767911741576"]
[EventDate "2000.01.04"]
[EventType "swiss"]
[EventRounds "5"]
[EventCountry "CAN"]

1. d4 Nf6 2. Nf3 g6 3. Bf4 Bg7 4. h3 d6 5. e3 O-O 6. Be2 c5 7. c3 Qb6 8. Qb3 Be6 9. Qxb6 axb6 10. O-O Rxa2 11. Rxa2 Bxa2 12. Nbd2 Bd5 13. c4 Bxf3 14. Bxf3 Nc6 15. d5 Nb4 16. Ra1 Nd3 17. Ra7 Rb8 18. b3 Nd7 19. Bg5 Kf8 20. Be4 Nb4 21. Bh4 Ke8 22. f4 h5 23. Nf3 Nf6 24. Bb1 Ng8 25. f5 gxf5 26. Bxf5 Nh6 27. Bb1 Kd8 28. e4 Na6 29. Bc2 f6 30. Bd1 Kc7 31. Ne1 Rf8 32. Bxh5 Kb8 33. Rxa6 bxa6 34. Nd3 Nf7 35. Bg4 Bh6 36. Bg3 Ne5 37. Be2 Nxd3 38. Bxd3 Rg8 39. Kf2 Bd2 40. h4 Be1+ 41. Kxe1 Rxg3 42. Bf1 Rg4 43. h5 Rxe4+ 44. Kf2 Rh4 45. Be2 Kc7 46. g4 Rh2+ 47. Kf3 Kd8 48. Bd1 Ke8 49. Kf4 Kf7 50. Bf3 Rb2 51. Be4 Rxb3 52. Bg6+ Kg7 53. Kf5 Re3 54. Kf4 Re1 55. Kf5 b5 56. cxb5 axb5 57. Be8 b4 0-1

[Event "Le Matou 2000"]
[Site "Gatineau CAN"]
[Date "2000.01.25"]
[Round "4"]
[White "Groleau, Gilles"]
[Black "Laurin, Jacques"]
[Result "1-0"]
[WhiteElo "1979"]
[BlackElo "1948"]
[PlyCount "77"]
[GameId "2160767911741577"]
[EventDate "2000.01.04"]
[EventType "swiss"]
[EventRounds "5"]
[EventCountry "CAN"]

1. e4 c5 2. Nf3 d6 3. Bb5+ Nc6 4. O-O Qc7 5. Re1 e6 6. c3 a6 7. Bf1 Be7 8. d4 cxd4 9. cxd4 Bd7 10. Nc3 Nf6 11. Bg5 O-O 12. Rc1 Qd8 13. Qd2 b5 14. e5 dxe5 15. dxe5 Ng4 16. Ne4 Ngxe5 17. Nxe5 Nxe5 18. Bxe7 Qxe7 19. Nc5 Ng4 20. Nxd7 Rfd8 21. Qf4 h5 22. Ne5 g5 23. Nc6 gxf4 24. Nxe7+ Kf8 25. Nc6 Rd5 26. h3 Nf6 27. Red1 Rg5 28. Rd8+ Rxd8 29. Nxd8 Nd5 30. Nb7 f3 31. g3 h4 32. Kh2 hxg3+ 33. fxg3 Ke7 34. Nc5 Re5 35. Nd3 Re4 36. Kg1 Ne3 37. Kf2 Nxf1 38. Rxf1 Rd4 39. Ke3 1-0

[Event "Le Matou 2000"]
[Site "Gatineau CAN"]
[Date "2000.01.25"]
[Round "4"]
[White "Thomann, Olivier"]
[Black "Lemieux, Richard"]
[Result "1/2-1/2"]
[WhiteElo "1798"]
[BlackElo "1708"]
[PlyCount "119"]
[GameId "2160767911741578"]
[EventDate "2000.01.04"]
[EventType "swiss"]
[EventRounds "5"]
[EventCountry "CAN"]

1. e4 e6 2. d4 d5 3. Nd2 Bd7 4. e5 c5 5. c3 Nc6 6. Nb3 cxd4 7. cxd4 Qb6 8. f4 Bb4+ 9. Kf2 Nh6 10. Rb1 Nf5 11. Nf3 a5 12. Be3 Nxe3 13. Kxe3 a4 14. Na1 a3 15. Nc2 axb2 16. Nxb4 Qxb4 17. Qd2 Rxa2 18. Qxb4 Nxb4 19. Kd2 O-O 20. Kc3 Na6 21. Kb3 Ra4 22. Bxa6 bxa6 23. Rxb2 Rb8+ 24. Kc2 Rc8+ 25. Kd2 Rac4 26. Rhb1 Bb5 27. Ra1 h6 28. Raa2 Kh7 29. Rc2 Kg6 30. Rxc4 Rxc4 31. g4 f6 32. h4 h5 33. exf6 Kxf6 34. gxh5 Kf5 35. Ra3 Kxf4 36. Ng5 Rxd4+ 37. Ke1 Kg4 38. Re3 Kxh5 39. Nxe6 Re4 40. Rxe4 dxe4 41. Nxg7+ Kxh4 42. Kf2 Bd7 43. Ke3 Kg5 44. Kxe4 Kg6 45. Kd4 Kxg7 46. Kc3 Kf6 47. Kb2 Ke5 48. Kc3 Kd5 49. Kb2 Kc4 50. Ka1 Bf5 51. Kb2 Kb4 52. Ka1 Be6 53. Kb2 a5 54. Ka1 Ka3 55. Kb1 Kb3 56. Ka1 a4 57. Kb1 a3 58. Ka1 Ka4 59. Kb1 a2+ 60. Kb2 1/2-1/2

[Event "Le Monarch Noir"]
[Site "Maria CAN"]
[Date "2000.02.21"]
[Round "3"]
[White "Benoit, Stephane"]
[Black "Beaupre, Jean-Marie"]
[Result "0-1"]
[WhiteElo "1323"]
[BlackElo "1729"]
[PlyCount "134"]
[GameId "2160767911741438"]
[EventDate "2000.02.07"]
[EventType "tourn"]
[EventRounds "10"]
[EventCountry "CAN"]

1. c4 Nf6 2. Nc3 e6 3. d4 Bb4 4. Bd2 c5 5. e3 d5 6. Nf3 Bxc3 7. Bxc3 Ne4 8. Qc2 Nxc3 9. Qxc3 cxd4 10. Nxd4 O-O 11. cxd5 exd5 12. Be2 Be6 13. h3 Qe7 14. Bg4 Nd7 15. Nf5 Qf6 16. Qxf6 Nxf6 17. Rd1 Rfd8 18. b3 Kf8 19. Nd4 Bxg4 20. hxg4 Nxg4 21. Rxh7 Nh6 22. Rh8+ Ke7 23. Rxd8 Rxd8 24. Rc1 a6 25. a4 Rd7 26. b4 g6 27. f3 Ng8 28. a5 Nf6 29. Rb1 Ne8 30. b5 axb5 31. Nxb5 Nd6 32. Nd4 Nc4 33. Ra1 Nxe3 34. Kf2 Nc4 35. Re1+ Kd8 36. Ra1 Ne5 37. Ra3 Rc7 38. f4 Nc4 39. Ra1 Nd6 40. a6 Ne4+ 41. Kg1 bxa6 42. Rxa6 Kd7 43. Kh2 Rc4 44. Ra7+ Rc7 45. Ra6 Kc8 46. Ra3 Rc3 47. Ra7 Rc7 48. Ra3 Rc5 49. Ra7 Nd6 50. Kg3 Rc4 51. Ne2 d4 52. Ra8+ Kc7 53. Ra3 Kc6 54. Rd3 Kd5 55. Kf3 f6 56. g4 Nb5 57. Rb3 Kc5 58. Ke4 Nc3+ 59. Kd3 Nxe2 60. Kxe2 d3+ 61. Rxd3 Rxf4 62. Rg3 Kd4 63. g5 Re4+ 64. Kf2 f5 65. Rh3 Rg4 66. Re3 Rxg5 67. Kf3 Rg4 0-1

[Event "MacAdam mem."]
[Site "Victoria CAN"]
[Date "2000.01.22"]
[Round "2"]
[White "Chranowski, Rick"]
[Black "Moore, Harry"]
[Result "1-0"]
[WhiteElo "1889"]
[BlackElo "2259"]
[PlyCount "104"]
[GameId "2160767911741471"]
[EventDate "2000.01.22"]
[EventType "swiss"]
[EventRounds "5"]
[EventCountry "CAN"]

1. Nc3 d5 2. e4 d4 3. Nce2 e5 4. f4 exf4 5. Nxf4 Nf6 6. d3 Bb4+ 7. Bd2 Bxd2+ 8. Qxd2 O-O 9. h3 Nh5 10. Nxh5 Qh4+ 11. Qf2 Qxh5 12. Qxd4 Nc6 13. Qf2 f5 14. Be2 Qe8 15. Nf3 fxe4 16. dxe4 Qxe4 17. O-O Qxc2 18. Rac1 Qg6 19. Qh4 Be6 20. a3 Rae8 21. Bb5 Bd5 22. Bc4 Bxc4 23. Qxc4+ Kh8 24. Rf2 Qf5 25. Rcf1 Qe4 26. Ne5 Rxf2 27. Qxe4 Rxf1+ 28. Kxf1 Rxe5 29. Qf3 Kg8 30. Qb3+ Kf8 31. Qxb7 Rf5+ 32. Kg1 Rf6 33. Qxc7 a5 34. b4 axb4 35. axb4 Nxb4 36. Qb8+ Kf7 37. Qxb4 Kg6 38. Qe4+ Kh6 39. Qh4+ Kg6 40. g4 h6 41. Qh5+ Kh7 42. Kg2 Rb6 43. Qf5+ Kh8 44. h4 Rb2+ 45. Kg1 Rb6 46. g5 Rb8 47. Kh2 Rb2+ 48. Kg3 Rb3+ 49. Kg4 Rb4+ 50. Kh5 Rb6 51. Qf8+ Kh7 52. g6+ Rxg6 1-0

[Event "Macedonian op"]
[Site "Toronto CAN"]
[Date "2000.09.02"]
[Round "2"]
[White "Rivas, Edgar"]
[Black "Kathiramalainatha, Kandiah"]
[Result "1-0"]
[WhiteElo "1837"]
[BlackElo "1722"]
[PlyCount "50"]
[GameId "2160767911652584"]
[EventDate "2000.09.02"]
[EventType "swiss"]
[EventRounds "6"]
[EventCountry "CAN"]

1. e4 e5 2. Nf3 d6 3. d4 exd4 4. Qxd4 Nc6 5. Bb5 Bd7 6. Bxc6 bxc6 7. O-O c5 8. Qc3 h6 9. Na3 c6 10. Bf4 Nf6 11. Rfe1 Be6 12. Rad1 Nh5 13. Bg3 Nxg3 14. hxg3 Qc7 15. Nc4 Rg8 16. Nh4 O-O-O 17. Nf5 g6 18. Nfe3 Bg7 19. Qa3 Bf8 20. Qa6+ Kb8 21. Rd3 Bc8 22. Rb3+ Bb7 23. Na5 Rd7 24. Rxb7+ Qxb7 25. Nxb7 Rxb7 1-0

[Event "Macedonian op"]
[Site "Toronto CAN"]
[Date "2000.09.03"]
[Round "3"]
[White "Schuller, Kirk"]
[Black "Rivas, Edgar"]
[Result "0-1"]
[WhiteElo "1746"]
[BlackElo "1837"]
[PlyCount "98"]
[GameId "2160767911652585"]
[EventDate "2000.09.02"]
[EventType "swiss"]
[EventRounds "6"]
[EventCountry "CAN"]

1. e4 c6 2. d4 d5 3. e5 Bf5 4. Bd3 Bxd3 5. Qxd3 e6 6. Ne2 Nd7 7. O-O Rc8 8. Nd2 c5 9. c3 Ne7 10. Nf3 Nc6 11. Bf4 Be7 12. Rac1 Qa5 13. Qb1 Nb6 14. dxc5 Qxc5 15. Be3 Qb5 16. Ned4 Nxd4 17. Nxd4 Qa6 18. b3 Ba3 19. Rc2 O-O 20. f4 Qd3 21. Rf3 Rxc3 22. Bf2 Rxc2 23. Nxc2 Qa6 24. b4 Nc4 25. Qf1 Rc8 26. Rc3 Bb2 27. Rh3 Qxa2 28. Qd3 Qb1+ 29. Ne1 Qxd3 30. Nxd3 a6 31. Nxb2 Nxb2 32. Bd4 Rc2 33. Rb3 Nc4 34. Rd3 Kf8 35. f5 exf5 36. Bc5+ Ke8 37. Rxd5 Rd2 38. Rd4 Rxd4 39. Bxd4 Kd7 40. Kf2 Ke6 41. h3 Nxe5 42. Ke3 Kd5 43. Bc5 Nc6 44. Bf8 g5 45. Kd3 h5 46. Kc3 g4 47. h4 f4 48. Kd3 f5 49. Bc5 a5 0-1

[Event "Macedonian op"]
[Site "Toronto CAN"]
[Date "2000.09.04"]
[Round "6"]
[White "Armstrong, Robert J"]
[Black "Rivas, Edgar"]
[Result "1/2-1/2"]
[WhiteElo "1815"]
[BlackElo "1837"]
[PlyCount "102"]
[GameId "2160767911652586"]
[EventDate "2000.09.02"]
[EventType "swiss"]
[EventRounds "6"]
[EventCountry "CAN"]

1. d4 d5 2. c4 c6 3. Nf3 Nf6 4. e3 e6 5. Bd3 Be7 6. O-O Nbd7 7. Nc3 dxc4 8. Bxc4 Nb6 9. Bd3 Nbd5 10. e4 Nxc3 11. bxc3 Qc7 12. a4 b6 13. Qe2 Bb7 14. Ba3 Rd8 15. Bxe7 Qxe7 16. a5 O-O 17. axb6 axb6 18. Ba6 b5 19. Rfb1 Ba8 20. c4 bxc4 21. Bxc4 c5 22. e5 Nd5 23. Bxd5 Bxd5 24. dxc5 Qxc5 25. Rc1 Bxf3 26. gxf3 Qd4 27. Rd1 Qf4 28. Rxd8 Rxd8 29. Rd1 Rxd1+ 30. Qxd1 h6 31. Qe2 h5 32. h3 Qf5 33. Kh2 f6 34. exf6 gxf6 35. Qe4 Qe5+ 36. Qxe5 fxe5 37. Kg3 Kf7 38. Kg2 h4 39. Kf1 Kg6 40. Ke2 Kg5 41. Kd1 Kf4 42. Ke2 e4 43. fxe4 Kxe4 44. Kf1 Kf3 45. Kg1 e5 46. Kf1 e4 47. Kg1 Ke2 48. Kg2 Ke1 49. Kg1 Ke2 50. Kg2 e3 51. fxe3 Kxe3 1/2-1/2

[Event "Manitoba op"]
[Site "Winnipeg CAN"]
[Date "2000.05.20"]
[Round "1"]
[White "Boron, Anthony"]
[Black "Sadov, Sergey"]
[Result "0-1"]
[WhiteElo "1865"]
[BlackElo "2070"]
[PlyCount "90"]
[GameId "2160767911711793"]
[EventDate "2000.05.20"]
[EventType "swiss"]
[EventRounds "6"]
[EventCountry "CAN"]
[SourceTitle "EXT 2005"]
[Source "ChessBase"]
[SourceDate "2004.11.15"]
[SourceVersion "1"]
[SourceVersionDate "2004.11.15"]
[SourceQuality "1"]

1. Nf3 Nf6 2. d4 e6 3. g3 b6 4. Bg2 Bb7 5. O-O c5 6. c3 Be7 7. Nbd2 O-O 8. Re1 Na6 9. e4 cxd4 10. Nxd4 Nc5 11. f4 d5 12. e5 Nfe4 13. Nxe4 Nxe4 14. Be3 Qd7 15. Bh3 Rfe8 16. f5 Bg5 17. fxe6 fxe6 18. Qg4 Bxe3+ 19. Rxe3 Re7 20. Rd1 Rae8 21. Qh5 h6 22. Nxe6 Qa4 23. Bf5 Rxe6 24. Bxe6+ Rxe6 25. Rd4 Qe8 26. Qh4 Rxe5 27. c4 Ng5 28. Rxe5 Qxe5 29. Kf1 Kh7 30. Qf4 Qxf4+ 31. Rxf4 dxc4 32. h4 Ne6 33. Rf7 Nc5 34. b4 cxb3 35. axb3 a5 36. Ke1 Bd5 37. Rf8 Bxb3 38. Rb8 Nd7 39. Rc8 a4 40. Kd2 Be6 41. Kc3 a3 42. Rc6 Nc5 43. Kc2 Bf5+ 44. Kc3 a2 45. Kb2 Bb1 0-1

[Event "Manitoba op"]
[Site "Winnipeg CAN"]
[Date "2000.05.20"]
[Round "1"]
[White "Federkevic, Danny"]
[Black "Lipnowski, Irwin"]
[Result "0-1"]
[WhiteElo "2002"]
[BlackElo "2361"]
[PlyCount "82"]
[GameId "2160767911711794"]
[EventDate "2000.05.20"]
[EventType "swiss"]
[EventRounds "6"]
[EventCountry "CAN"]

1. e4 c5 2. Nc3 g6 3. f4 Bg7 4. Nf3 Nc6 5. Bc4 e6 6. f5 Nge7 7. fxe6 dxe6 8. O-O O-O 9. d3 a6 10. Qe1 Nd4 11. Nxd4 Bxd4+ 12. Kh1 Nc6 13. Bh6 Re8 14. Qg3 Be5 15. Qg4 b5 16. Bb3 Nd4 17. Bg5 Qc7 18. Bf6 Bb7 19. Qg5 Nc6 20. a4 b4 21. Nd1 Bxf6 22. Rxf6 Qe5 23. Qxe5 Nxe5 24. Ne3 Re7 25. Raf1 Rd8 26. Nc4 Nxc4 27. Bxc4 Kg7 28. R6f4 f5 29. Re1 fxe4 30. dxe4 Rd2 31. Bd3 c4 32. Bxc4 Rxc2 33. b3 Rd7 34. Bxe6 Rdd2 35. Rf7+ Kh6 36. Rxb7 Rxg2 37. Rf7 Rxh2+ 38. Kg1 Rcg2+ 39. Kf1 Rb2 40. Kg1 Rbg2+ 41. Kf1 Rb2 0-1

[Event "Manitoba op"]
[Site "Winnipeg CAN"]
[Date "2000.05.20"]
[Round "1"]
[White "Gentes, Kevin"]
[Black "Lipnowski, Samuel"]
[Result "1-0"]
[WhiteElo "2330"]
[BlackElo "2027"]
[PlyCount "75"]
[GameId "2160767911711795"]
[EventDate "2000.05.20"]
[EventType "swiss"]
[EventRounds "6"]
[EventCountry "CAN"]
[SourceTitle "EXT 2005"]
[Source "ChessBase"]
[SourceDate "2004.11.15"]
[SourceVersion "1"]
[SourceVersionDate "2004.11.15"]
[SourceQuality "1"]

1. d4 Nf6 2. c4 e6 3. g3 d5 4. Bg2 c6 5. Nf3 Be7 6. O-O O-O 7. Qc2 Nbd7 8. Nbd2 b6 9. b3 Bb7 10. Bb2 Rc8 11. Rad1 c5 12. dxc5 Bxc5 13. Qb1 Qe7 14. cxd5 Bxd5 15. e4 Bb7 16. e5 Nd5 17. Ne4 Ba6 18. Rfe1 Bb4 19. Rxd5 Bxe1 20. Rxd7 Bxf2+ 21. Nxf2 Qxd7 22. Ng5 f5 23. exf6 gxf6 24. Nge4 Qe7 25. g4 e5 26. g5 f5 27. Nf6+ Rxf6 28. gxf6 Qxf6 29. Nd3 Bxd3 30. Qxd3 e4 31. Qd5+ Qf7 32. Qe5 Kf8 33. Bf1 Qg6+ 34. Kh1 Qg4 35. Qf6+ Kg8 36. Qe6+ Kf8 37. Qxc8+ Ke7 38. Qc7+ 1-0

[Event "Manitoba op"]
[Site "Winnipeg CAN"]
[Date "2000.05.20"]
[Round "1"]
[White "Gibson, Kris"]
[Black "Schulz, Waldemar"]
[Result "0-1"]
[WhiteElo "1816"]
[BlackElo "2042"]
[PlyCount "58"]
[GameId "2160767911711796"]
[EventDate "2000.05.20"]
[EventType "swiss"]
[EventRounds "6"]
[EventCountry "CAN"]
[SourceTitle "EXT 2005"]
[Source "ChessBase"]
[SourceDate "2004.11.15"]
[SourceVersion "1"]
[SourceVersionDate "2004.11.15"]
[SourceQuality "1"]

1. e4 c5 2. Nf3 e6 3. d4 cxd4 4. Nxd4 Nf6 5. Nc3 d6 6. Be2 Be7 7. f4 a6 8. a4 Qc7 9. Be3 Nc6 10. g4 Nd7 11. Nf3 b6 12. O-O Bb7 13. Qe1 O-O 14. Qg3 Nb4 15. f5 Nxc2 16. Bf2 Nxa1 17. Rxa1 Rac8 18. g5 d5 19. Qh3 dxe4 20. g6 h6 21. fxe6 exf3 22. Bd3 Ne5 23. gxf7+ Nxf7 24. Qf5 Ng5 25. Qg6 Rf6 26. Qh5 Rxe6 27. Bf5 Qe5 28. Bxe6+ Qxe6 29. Re1 Nh3+ 0-1

[Event "Manitoba op"]
[Site "Winnipeg CAN"]
[Date "2000.05.20"]
[Round "1"]
[White "Gustafson, Dale"]
[Black "Gibbons, Michael"]
[Result "0-1"]
[WhiteElo "1970"]
[BlackElo "2096"]
[PlyCount "60"]
[GameId "2160767911711797"]
[EventDate "2000.05.20"]
[EventType "swiss"]
[EventRounds "6"]
[EventCountry "CAN"]
[SourceTitle "EXT 2005"]
[Source "ChessBase"]
[SourceDate "2004.11.15"]
[SourceVersion "1"]
[SourceVersionDate "2004.11.15"]
[SourceQuality "1"]

1. e4 c5 2. Nf3 Nc6 3. Bd3 e6 4. c3 d5 5. exd5 exd5 6. O-O Nf6 7. Bc2 d4 8. d3 Be7 9. h3 O-O 10. Nbd2 dxc3 11. bxc3 Nd5 12. Bb2 Bf5 13. d4 Bxc2 14. Qxc2 cxd4 15. Nxd4 Rc8 16. N2f3 Nxd4 17. Nxd4 Nxc3 18. Bxc3 Qxd4 19. Bxd4 Rxc2 20. Bxa7 Ra8 21. Bd4 b5 22. Rfe1 Bf8 23. Rab1 b4 24. Rb2 Rxb2 25. Bxb2 Rxa2 26. Rb1 f6 27. Kf1 Bc5 28. Ke1 Kf7 29. f3 Ke6 30. Kd1 Kd5 0-1

[Event "Manitoba op"]
[Site "Winnipeg CAN"]
[Date "2000.05.20"]
[Round "1"]
[White "Kaptsan, Aron"]
[Black "Khedkar, Jay S"]
[Result "0-1"]
[WhiteElo "2090"]
[BlackElo "1939"]
[PlyCount "65"]
[GameId "2160767911711798"]
[EventDate "2000.05.20"]
[EventType "swiss"]
[EventRounds "6"]
[EventCountry "CAN"]
[SourceTitle "EXT 2005"]
[Source "ChessBase"]
[SourceDate "2004.11.15"]
[SourceVersion "1"]
[SourceVersionDate "2004.11.15"]
[SourceQuality "1"]

1. d4 d5 2. c4 e6 3. Nc3 Nf6 4. Bg5 Be7 5. e3 Nbd7 6. Qc2 O-O 7. Nf3 c6 8. cxd5 exd5 9. Bd3 Re8 10. h3 Nf8 11. Bxf6 Bxf6 12. O-O-O g6 13. g4 Bd7 14. Rdg1 Rc8 15. Qb3 b5 16. Kb1 a5 17. h4 a4 18. Qd1 Qa5 19. Qd2 b4 20. Ne2 Ne6 21. g5 Bg7 22. h5 c5 23. dxc5 Nxc5 24. Nfd4 Qb6 25. hxg6 hxg6 26. f4 Nxd3 27. Qxd3 Re4 28. Ng3 Rxe3 29. Qxe3 Bxd4 30. Qe7 Bxg1 31. Qxd7 Qc5 32. Qxc8+ Qxc8 33. Rxg1 0-1

[Event "Manitoba op"]
[Site "Winnipeg CAN"]
[Date "2000.05.20"]
[Round "1"]
[White "Milord, Frank"]
[Black "Gannon, Keith"]
[Result "1/2-1/2"]
[WhiteElo "1788"]
[BlackElo "1594"]
[PlyCount "109"]
[GameId "2160767911711799"]
[EventDate "2000.05.20"]
[EventType "swiss"]
[EventRounds "6"]
[EventCountry "CAN"]
[SourceTitle "EXT 2005"]
[Source "ChessBase"]
[SourceDate "2004.11.15"]
[SourceVersion "1"]
[SourceVersionDate "2004.11.15"]
[SourceQuality "1"]

1. e4 d6 2. d4 g6 3. Nc3 Bg7 4. Be3 Nf6 5. Be2 O-O 6. h3 b6 7. Nf3 Bb7 8. d5 Nbd7 9. O-O c6 10. g4 cxd5 11. exd5 Ne8 12. Bd4 Bxd4 13. Nxd4 Rc8 14. Bb5 Nb8 15. Be2 a6 16. f4 Nf6 17. Bf3 b5 18. a3 Re8 19. f5 Qc7 20. Rc1 Qc5 21. Ne4 Nxe4 22. Bxe4 Bxd5 23. Bxd5 Qxd5 24. c3 Nc6 25. Nxc6 Qxc6 26. Qd4 Qc5 27. Rcd1 Qxd4+ 28. Rxd4 Kg7 29. f6+ exf6 30. Rxd6 Re6 31. Rfd1 Rce8 32. R1d2 Rxd6 33. Rxd6 Re6 34. Rd2 g5 35. Kf2 Kg6 36. Rd5 h5 37. a4 bxa4 38. Kf3 hxg4+ 39. hxg4 Rb6 40. Ra5 Rxb2 41. Rxa4 Rb6 42. Rc4 a5 43. Ke4 Rb1 44. Ra4 Re1+ 45. Kf3 Rc1 46. c4 f5 47. gxf5+ Kxf5 48. Rxa5+ Kg6 49. Ra6+ f6 50. Rc6 Kf5 51. Rc5+ Ke6 52. Rc6+ Ke5 53. Rc8 f5 54. Rc5+ Kd4 55. Rxf5 1/2-1/2

[Event "Manitoba op"]
[Site "Winnipeg CAN"]
[Date "2000.05.20"]
[Round "1"]
[White "Mundwiler, Les"]
[Black "Guenther, Don"]
[Result "1-0"]
[WhiteElo "2060"]
[BlackElo "1818"]
[PlyCount "41"]
[GameId "2160767911711800"]
[EventDate "2000.05.20"]
[EventType "swiss"]
[EventRounds "6"]
[EventCountry "CAN"]
[SourceTitle "EXT 2005"]
[Source "ChessBase"]
[SourceDate "2004.11.15"]
[SourceVersion "1"]
[SourceVersionDate "2004.11.15"]
[SourceQuality "1"]

1. d4 c6 2. c4 Nf6 3. Nc3 g6 4. Nf3 Bg7 5. e4 d6 6. h3 Qc7 7. Be2 O-O 8. O-O e5 9. d5 Ne8 10. Be3 f5 11. c5 f4 12. cxd6 Qxd6 13. Bc1 Nd7 14. b3 a6 15. Bb2 Ndf6 16. dxc6 bxc6 17. Qc1 Be6 18. Rd1 Qc7 19. Ng5 Bc8 20. Ba3 c5 21. Nd5 1-0

[Event "Manitoba op"]
[Site "Winnipeg CAN"]
[Date "2000.05.20"]
[Round "2"]
[White "Gibbons, Michael"]
[Black "Mundwiler, Les"]
[Result "1-0"]
[WhiteElo "2096"]
[BlackElo "2060"]
[PlyCount "65"]
[GameId "2160767911711801"]
[EventDate "2000.05.20"]
[EventType "swiss"]
[EventRounds "6"]
[EventCountry "CAN"]
[SourceTitle "EXT 2005"]
[Source "ChessBase"]
[SourceDate "2004.11.15"]
[SourceVersion "1"]
[SourceVersionDate "2004.11.15"]
[SourceQuality "1"]

1. Nf3 d5 2. b3 Nf6 3. e3 e6 4. Bb2 Be7 5. Be2 O-O 6. d3 c5 7. O-O Nc6 8. Nbd2 Qc7 9. h3 Rb8 10. a4 a6 11. Nh2 b5 12. f4 d4 13. e4 e5 14. f5 Na5 15. Ba3 bxa4 16. bxa4 Bd7 17. g4 Ne8 18. Nhf3 f6 19. h4 Nd6 20. g5 Rfc8 21. Nb3 Nxb3 22. cxb3 Bxf5 23. exf5 e4 24. dxe4 Nxe4 25. Bc4+ Kh8 26. Qe1 Qb7 27. Bxa6 Qxa6 28. Qxe4 Qd6 29. Rae1 Qg3+ 30. Kh1 Bd6 31. Re2 Rf8 32. Nxd4 cxd4 33. Rf3 1-0